Formule 1 - Quiz pilote : Fernando Alonso - Statistiques

Statistiques générales
  • Ce quiz a été pris 146 fois
    145 depuis la dernière actualisation
  • Le résultat moyen est 26 sur 40
Statistiques - réponses
Hint Réponse % Correct
Championnat du monde Nombres de titre pilote 2
100%
Championnat du monde Nombres de titre constructeur 2
100%
Informations de base Arrivée en Formule 1 (année) 2001
97%
Informations de base Nationalité (sportive) Espagne
97%
Écuries pour lesquelles il a conduit Depuis 2023 Aston Martin
96%
Écuries pour lesquelles il a conduit 2010 - 2014 Ferrari
96%
Écuries pour lesquelles il a conduit 2003 - 2006 Renault
96%
Écuries pour lesquelles il a conduit 2008 - 2009 Renault
96%
Écuries pour lesquelles il a conduit 2021 - 2022 Alpine
95%
Écuries pour lesquelles il a conduit 2007 McLaren
95%
Écuries pour lesquelles il a conduit 2015 - 2018 McLaren
95%
Championnat du monde 1er titre (année) 2005
91%
Championnat du monde 2e titre (année) 2005
91%
Coéquipiers Depuis 2023 Lance Stroll
91%
Coéquipiers 2021 - 2022 Esteban Ocon
90%
Championnat du monde 3e titre (année) 2006
89%
Championnat du monde 4e titre (année) 2006
89%
Informations de base Numéro de pilote 14
84%
Coéquipiers 2007 Lewis Hamilton
82%
Coéquipiers 2010 - 2013 Felipe Massa
71%
Victoire Nombre de victoire totale 32
64%
Coéquipiers 2014 Kimi Raïkkönen
63%
Coéquipiers 2015 - 2016 Jenson Button
60%
Écuries pour lesquelles il a conduit 2001 Minardi
53%
Autres sports auto où il s'est illustré 2017-2020 IndyCar
48%
Coéquipiers 2005 - 2006 Giancarlo Fisichella
46%
Coéquipiers 2008 - 2009 Nelsinho Piquet
46%
Autres sports auto où il s'est illustré 2018-2019 WEC
45%
Coéquipiers 2003 - 2004 Jarno Trulli
44%
Coéquipiers 2017 - 2018 Stoffel Vandoorne
43%
Autres sports auto où il s'est illustré 2020 Rallye Dakar
35%
Autres Il détient le record du plus grand nombre de ? Courses (401)
33%
Coéquipiers 2009 Romain Grosjean
31%
Informations de base Nom complet Fernando Alonso Díaz
27%
Victoire 1ère victoire Grand Prix de Hongrie 2003
27%
Informations de base Date de naissance 29 juillet 1981
24%
Coéquipiers 2004 Jacques Villeneuve
22%
Coéquipiers 2001 Alex Yoong
14%
Coéquipiers 2001 Tarso Marques
10%
Autres Dans quelle affaire d'évasion fiscale est-il cité ? Paradise Papers
2%
Aucun quiz correspondant
Distribution des résultats
% des personnes avec chaque résultat
Percentile par nombre de réponses
Votre historique - résultats
Vous n’avez pas pris ce quiz depuis la dernière actualisation